Nanotechnology and Pollution Control / (Record no. 757332)

MARC details
000 -LEADER
fixed length control field 00531nam a22001817a 4500
020 ## - INTERNATIONAL STANDARD BOOK NUMBER
ISBN 9789391972646
082 ## - DEWEY DECIMAL CLASSIFICATION NUMBER
Edition number 23
Classification number 620.5
Item number BHA
100 ## - MAIN ENTRY--AUTHOR NAME
Personal name Bhardwaj, R.K
245 ## - TITLE STATEMENT
Title Nanotechnology and Pollution Control /
Statement of responsibility, etc R.K Bhardwaj
260 ## - PUBLICATION, DISTRIBUTION, ETC. (IMPRINT)
Place of publication Agrotech Press :
Name of publisher New Delhi ,
Year of publication 2024 .
300 ## - PHYSICAL DESCRIPTION
Number of Pages 276p
504 ## - BIBLIOGRAPHY, ETC. NOTE
Bibliography, etc Include Bibliography and Index
650 ## - SUBJECT ADDED ENTRY--TOPICAL TERM
Topical Term Environmental Pollution
650 ## - SUBJECT ADDED ENTRY--TOPICAL TERM
Topical Term Nanocarbon Tube
650 ## - SUBJECT ADDED ENTRY--TOPICAL TERM
Topical Term Green Nanotechnology
942 ## - ADDED ENTRY ELEMENTS (KOHA)
Source of classification or shelving scheme Dewey Decimal Classification
Koha item type Book
Holdings
Withdrawn status Lost status Source of classification or shelving scheme Damaged status Not for loan Home Library Current Location Date acquired Full call number Accession Number Price effective from Koha item type
    Dewey Decimal Classification     Dept. of Environmental Sciences Dept. of Environmental Sciences 07/03/2026 620.5 BHA ES2553 07/03/2026 Book